• 首页
  • 本馆介绍
  • 公告通知
  • 最新文献
  • 馆藏检索
  • 电子资源
  • 读者导购
  • 参考咨询
  • 我的图书馆
  • 登录
  • 详细信息显示
  • 放入我的书架
  • 预约/预借图书
  • 作者相关作品
  • 分类相关作品
  • 丛书相关作品
  • 出版社相关作品

书目信息

  • 表格格式
  • 工作单格式
  • 卡片格式
题名:
崩溃
    
 
作者: 菲茨杰拉德 著 ;李和庆 , 梁亚平 , 杨勇 译
分册:  
出版信息: 杭州   浙江文艺出版社  2016
页数: 404页
开本: 21cm
丛书名: 菲茨杰拉德作品全集
单 册:
中图分类: I712.15 , I712.6 , I712.65
科图分类:
主题词: 随笔--Suibi--作品集--美国--现代 , 文学--作品综合集--美国--现代
电子资源:
ISBN: 978-7-5339-4361-5
000 01303nam0 2200349 450
001 2848
001 01XX12541129@CSLN
005 20161206093426.28
010    @a978-7-5339-4361-5@b精装@dCNY42.00
100    @a20160504d2016 em y0chiy0110 ea
101 1  @achi@ceng
102    @aCN@b330000
105    @aa z 000cy
200 1  @a崩溃@9Bengkui@f(美)F.S.菲茨杰拉德著@g李和庆, 梁亚平, 杨勇译
210    @a杭州@c浙江文艺出版社@d2016
215    @a404页@c图, 照片@d21cm
225 2  @a菲茨杰拉德作品全集@9Feicijieladezuopinquanji@v10
312    @a版权页英文题名:Crack-up
330    @a本书收录了菲茨杰拉德的自传体随笔《角色时代的回声》、《我逝去的城市》、《林》、《“请带F夫妇去某号房间”》等;读书札记《趣闻》、《精剪》、《思想》;书信《致有人的信》、《约翰·多斯·帕索斯的来信》等。
461  0 @12001 @a菲茨杰拉德作品全集
510 1  @aCrack-up@zeng
606 0  @a随笔@9Suibi@x作品集@y美国@z现代
606    @a文学@x作品综合集@y美国@z现代
690    @aI712.15@v5
690    @aI712.6@v5
690    @aI712.65@v4
701  1 @a菲茨杰拉德@9Feicijielade@bF.S.@c(美)@f1896-1940@gFitzgerald, F.S.@4著
702  0 @a李和庆@9Liheqing@4译
702  0 @a梁亚平@9Liangyaping@4译
702  0 @a杨勇@9Yangyong@4译
801  0 @aCN@b大连网信软件有限公司图书馆·11@c20161206
905    @aZUCC@dI712.15@e731
    
    崩溃/(美)F.S.菲茨杰拉德著/李和庆, 梁亚平, 杨勇译.-杭州:浙江文艺出版社,2016
    404页:图, 照片;21cm.-(菲茨杰拉德作品全集;10)
    
    
    ISBN 978-7-5339-4361-5(精装):CNY42.00
    本书收录了菲茨杰拉德的自传体随笔《角色时代的回声》、《我逝去的城市》、《林》、《“请带F夫妇去某号房间”》等;读书札记《趣闻》、《精剪》、《思想》;书信《致有人的信》、《约翰·多斯·帕索斯的来信》等。
●
相关链接 在E读中查询图书 在五车中查询图书 在当当中查询图书 在豆瓣中查询图书


正题名:崩溃     索取号:I712.15/73         预约/预借

序号 登录号 条形码 馆藏地/架位号 状态 备注
1 912246   209122466   第一样本阅览室/ [索取号:I712.15/73] 在馆    
2 912247   209122475   第二借阅区/ [索取号:I712.15/73] 在馆    
3 912248   209122484   第二借阅区/ [索取号:I712.15/73] 在馆    
4 912249   209122493   第二借阅区/ [索取号:I712.15/73] 在馆    
5 912250   209122509   第二借阅区/ [索取号:I712.15/73] 在馆    
唐山师范学院图书馆 欢迎您!
大连网信软件有限公司© 版权所有